Tech talk. Intermediate : Workbook

Gespeichert in:
Bibliographische Detailangaben
Format: Buch
Sprache:Englisch
Veröffentlicht: Oxford : Oxford University Press, 2009
Tags: Tag hinzufügen
Keine Tags, Fügen Sie das erste Tag hinzu!

MARC

LEADER 00000nam a22000003a 4500
001 stu255600
005 20141123161228.4
008 121011s2009------------------------eng-d
020 |a 978-0-19-457542-3 
040 |a STU  |b slo 
041 0 |a eng 
245 |a Tech talk. Intermediate :  |b Workbook 
260 |a Oxford :  |b Oxford University Press,  |c 2009 
300 |a 79 s 
996 |b 284AU05317  |c A*8047 U  |l AAKNST  |s P  |a 0  |w stu255600_0002